[Event "Challenge"]
[Site "http://www.queenalice.com/game.php?id=1084581"]
[Date "2012.7.19"]
[Round "-"]
[White "samx"]
[Black "cesarcavalli"]
[Result "0-1"]
[WhiteElo "1236"]
[BlackElo "2085"]

1. e4 e6 2. Nf3 c5 3. c3 Nc6 4. d4 cxd4 5. cxd4 d5 6. e5 Qb6 7. a3 Nge7 8. Nc3
Ng6 9. Rb1 Be7 10. g3 O-O 11. Bg2 Bd7 12. O-O a6 13. b4 Na7 14. Ne2 Qc7 15. Qd3
Bb5 16. Qe3 Rac8 17. h4 Ba4 18. h5 Nh8 19. h6 g6 20. Nf4 Qc3 21. g4 Qxe3 22.
Bxe3 Rc3 23. Rbc1 Rfc8 24. Ne2 Rxc1 25. Nxc1 Nb5 26. Nd3 b6 0-1

[Event "Challenge"]
[Site "http://www.queenalice.com/game.php?id=1085195"]
[Date "2012.7.21"]
[Round "-"]
[White "cesarcavalli"]
[Black "Oscar1961"]
[Result "1-0"]
[WhiteElo "2077"]
[BlackElo "1141"]

1. d4 d5 2. c4 dxc4 3. Nf3 Bd7 4. Nc3 e6 5. e4 Nc6 6. Bxc4 Nf6 7. e5 Nh5 8. g4
Na5 9. Bd3 Nc6 10. gxh5 Nb4 11. Bb1 Qh4 12. Nxh4 Be7 13. Nf3 1-0

[Event "Invitation"]
[Site "http://www.queenalice.com/game.php?id=1086214"]
[Date "2012.7.24"]
[Round "-"]
[White "cesarcavalli"]
[Black "Oscar1961"]
[Result "1-0"]
[WhiteElo "2079"]
[BlackElo "1141"]

1. d4 Nf6 2. Bg5 Ne4 3. Bh4 g5 4. Bg3 Bg7 5. e3 O-O 6. Bd3 Nd6 7. Nf3 h6 8. O-O
a6 9. Nc3 b5 10. a3 f5 11. Ne5 Ne4 12. Nxe4 fxe4 13. Bxe4 c6 14. Qh5 Rf6 15. f4
gxf4 16. Rxf4 d6 17. Rxf6 Nd7 18. Qf7+ Kh8 19. Rxh6+ Bxh6 20. Qh7# 1-0

[Event "Invitation"]
[Site "http://www.queenalice.com/game.php?id=1087285"]
[Date "2012.7.27"]
[Round "-"]
[White "Oscar1961"]
[Black "cesarcavalli"]
[Result "0-1"]
[WhiteElo "1141"]
[BlackElo "2081"]

1. d4 Nf6 2. e4 Nxe4 3. f3 Nf6 4. b4 d5 5. Nh3 Bxh3 6. gxh3 e6 7. c3 Be7 8. f4
a5 9. Qa4+ Qd7 10. Bb5 c6 11. Bd3 O-O 12. Qb3 axb4 13. cxb4 Na6 14. Rg1 Nxb4 15.
Be2 c5 16. Qg3 g6 17. a3 Ne4 18. Qe3 Nc2+ 19. Kf1 Nxe3+ 20. Bxe3 cxd4 21. Bxd4
Rfc8 22. Kg2 Rc2 23. Kf3 h5 24. Ke3 Qa4 25. Kf3 Qxd4 26. Rf1 Qxa1 27. Rg1 Rxa3+
28. Kg2 Rxe2+ 29. Kf1 Rf2+ 30. Ke1 Qxb1# 0-1

[Event "Challenge"]
[Site "http://www.queenalice.com/game.php?id=1089151"]
[Date "2012.8.1"]
[Round "-"]
[White "Oscar1961"]
[Black "cesarcavalli"]
[Result "0-1"]
[WhiteElo "1141"]
[BlackElo "2083"]

1. Nh3 d5 2. e3 Nf6 3. Bd3 e5 4. O-O Bxh3 5. gxh3 Qd7 6. Kh1 Qxh3 7. Rg1 e4 8.
Bf1 Qh4 9. Rg2 Bd6 10. f4 h5 11. Rxg7 Ng4 12. Qe2 Nd7 13. Nc3 O-O-O 14. Rxf7
Rdg8 15. Bg2 Qxh2# 0-1

[Event "Partida a Muerte"]
[Site "http://www.queenalice.com/game.php?id=1090056"]
[Date "2012.8.4"]
[Round "-"]
[White "cesarcavalli"]
[Black "Oscar1961"]
[Result "1-0"]
[WhiteElo "2087"]
[BlackElo "1165"]

1. d4 d5 2. c4 e5 3. dxe5 dxc4 4. Qxd8+ Kxd8 5. e4 Bb4+ 6. Bd2 Be7 7. Bxc4 Ke8
8. h3 h5 9. f4 c5 10. Nf3 Nh6 11. Nc3 Bd8 12. O-O a6 13. a4 f6 14. exf6 gxf6 15.
Nh4 f5 16. Nf3 fxe4 17. Nxe4 b5 18. axb5 axb5 19. Bxb5+ Bd7 20. Bxd7+ Nxd7 21.
Rxa8 Nb6 22. Ra7 Nf5 23. Nxc5 Nc8 24. Re1+ Kf8 25. Ra6 Rh7 26. Ne6+ Ke8 27. Ng7+
Kd7 28. Nxf5 Rf7 29. Ne5+ Ke8 30. Nxf7+ Kxf7 31. Nd6+ Nxd6 32. Rxd6 Be7 33. Rd7
h4 34. Rexe7+ Kg6 35. Re5 Kf6 36. Ra7 Kg6 37. Ra6+ Kh7 38. Re7+ Kg8 39. Ra8# 1-0

[Event "Sangre"]
[Site "http://www.queenalice.com/game.php?id=1093997"]
[Date "2012.8.17"]
[Round "-"]
[White "cesarcavalli"]
[Black "Oscar1961"]
[Result "1-0"]
[WhiteElo "2089"]
[BlackElo "1185"]

1. d4 Nh6 2. e4 Na6 3. c4 g6 4. Nc3 f5 5. f3 c6 6. Bd3 Bg7 7. Bxh6 Bxh6 8. exf5
Nb4 9. Bb1 Rg8 10. a3 Qa5 11. Be4 e6 12. axb4 Qxb4 13. Qe2 d5 14. Bd3 gxf5 15.
cxd5 cxd5 16. Bxf5 Kf8 17. Bxh7 Rg7 18. Ra4 Qe7 19. Bd3 a6 20. Bb5 Bd7 21. Bxd7
Qxd7 22. g3 Re8 23. f4 Rc8 24. Ra1 Rb8 25. Nf3 Qc8 26. Qe5 Ke8 27. O-O b5 28.
Nxd5 b4 29. Rfc1 Qd8 30. Qxe6+ Kf8 31. Qxh6 Qxd5 32. Rc7 Qxf3 33. Qxg7+ Ke8 34.
Qe7# 1-0

[Event "Challenge"]
[Site "http://www.queenalice.com/game.php?id=1097204"]
[Date "2012.8.28"]
[Round "-"]
[White "cesarcavalli"]
[Black "samx"]
[Result "1-0"]
[WhiteElo "2093"]
[BlackElo "1226"]

1. d4 g6 2. e4 Bg7 3. Nc3 b6 4. Nf3 d6 5. Bd3 Nd7 6. O-O e5 7. d5 Ne7 8. Re1 O-O
9. a3 Nc5 10. b4 Nxd3 11. Qxd3 a5 12. b5 f5 13. a4 fxe4 14. Qxe4 Nf5 15. Ne2 Bb7
16. c4 Re8 17. Bb2 Qe7 18. Nc1 Qf7 19. Nd3 Nd4 20. Nxd4 exd4 21. Qf4 Qxf4 22.
Nxf4 Bh6 23. Ne6 Re7 24. Bxd4 Rae8 25. Bc3 Bc8 26. Nxc7 Rxe1+ 27. Rxe1 Rxe1+ 28.
Bxe1 Bf5 29. Na8 Bg5 30. Nxb6 Bd8 31. Bxa5 h5 32. c5 Bc2 33. c6 Bc7 34. Nc4 Bxa5
35. Nxa5 Bd3 36. b6 Ba6 37. b7 Bxb7 38. cxb7 h4 39. b8=Q+ Kh7 40. Qxd6 Kh6 41.
Qf6 Kh5 42. d6 1-0

[Event "Invitation"]
[Site "http://www.queenalice.com/game.php?id=1099720"]
[Date "2012.9.5"]
[Round "-"]
[White "Oscar1961"]
[Black "cesarcavalli"]
[Result "0-1"]
[WhiteElo "1223"]
[BlackElo "2091"]

1. Nc3 g6 2. Nf3 Bg7 3. d4 Nf6 4. e4 d6 5. Bb5+ Nbd7 6. Bxd7+ Bxd7 7. O-O O-O 8.
Nd5 Nxe4 9. Qd3 Nf6 10. Nxf6+ Bxf6 11. b3 c5 12. Qe4 Bf5 13. Qxb7 Bxc2 14. Bd2
cxd4 15. Qc6 Qc8 16. Qd5 d3 17. Ne1 Bxa1 18. Nxd3 Bxd3 19. Qxd3 Bg7 20. a4 Qb7
21. a5 a6 22. Qe4 Qxe4 23. Re1 Qc2 24. Rxe7 Qxd2 25. Re2 Qd1+ 26. Re1 Qxe1# 0-1

[Event "Invitation"]
[Site "http://www.queenalice.com/game.php?id=1104910"]
[Date "2012.9.20"]
[Round "-"]
[White "cesarcavalli"]
[Black "Oscar1961"]
[Result "1-0"]
[WhiteElo "2095"]
[BlackElo "1296"]

1. d4 d5 2. c4 c6 3. Nf3 dxc4 4. Nc3 Qa5 5. e3 c5 6. Bxc4 Nc6 7. h3 cxd4 8. Nxd4
f6 9. Nxc6 bxc6 10. O-O Qg5 11. Qb3 Kd8 12. Bxg8 Bxh3 13. Rd1+ Kc7 14. Nd5+ Kc8
15. Nf4 Rb8 16. Nxh3 Qc5 17. Be6+ Kc7 18. Rd7+ Kc8 19. Rd5+ Kc7 20. Qxb8+ Kxb8
21. Rxc5 g5 22. Bd2 h5 23. Rac1 g4 24. Nf4 Rh6 25. Rxc6 Kb7 26. Nd5 a6 27. Ba5
h4 28. Rc7+ Kb8 29. Rc8+ Kb7 30. R1c7# 1-0

[Event "Invitation"]
[Site "http://www.queenalice.com/game.php?id=1108950"]
[Date "2012.10.3"]
[Round "-"]
[White "Oscar1961"]
[Black "cesarcavalli"]
[Result "0-1"]
[WhiteElo "1284"]
[BlackElo "2099"]

1. e4 c6 2. Qh5 Nf6 3. Qh4 d6 4. Bc4 g6 5. Nf3 Bg7 6. Ng5 O-O 7. O-O e6 8. Nf3
d5 9. Bb3 Nxe4 10. d3 Qxh4 11. Nxh4 Nd6 12. d4 Bxd4 13. Nf3 Bg7 14. a4 b6 15.
Na3 Ba6 16. Be3 Bxf1 17. Rxf1 Bxb2 18. Nb1 Bg7 19. c3 c5 20. Ba2 Nd7 21. Na3
Bxc3 22. Bh6 Rfe8 23. Ng5 Nf5 24. Nb5 Be5 25. Nf3 Nxh6 26. Nxe5 Nxe5 27. Nc7 c4
28. Bb1 Rec8 29. Re1 Rxc7 30. Rxe5 c3 31. Rh5 c2 32. Bxc2 Rxc2 33. Rxh6 Rc1# 0-1

[Event "Invitation"]
[Site "http://www.queenalice.com/game.php?id=1112872"]
[Date "2012.10.16"]
[Round "-"]
[White "cesarcavalli"]
[Black "Oscar1961"]
[Result "1-0"]
[WhiteElo "2101"]
[BlackElo "1282"]

1. d4 d5 2. c4 e6 3. Nf3 dxc4 4. Nc3 Bb4 5. e3 f5 6. Bxc4 c6 7. O-O Bxc3 8. bxc3
b5 9. Bb3 g6 10. Re1 Nf6 11. Ng5 Qe7 12. a4 h6 13. Ba3 Qc7 14. Nxe6 Bxe6 15.
Bxe6 h5 16. Ba2 Ne4 17. Rc1 bxa4 18. Qxa4 Kd8 19. Bb4 a5 20. f3 Nd6 21. e4 fxe4
22. Bxd6 Qxd6 23. Rxe4 Nd7 24. Rce1 Kc7 25. Re6 Qd5 26. Bxd5 cxd5 27. Qc6+ Kb8
28. Re8+ Rxe8 29. Rxe8+ Ka7 30. Rxa8# 1-0

[Event "Morir de Pie"]
[Site "http://www.queenalice.com/game.php?id=1113423"]
[Date "2012.10.17"]
[Round "-"]
[White "Oscar1961"]
[Black "cesarcavalli"]
[Result "0-1"]
[WhiteElo "1261"]
[BlackElo "2102"]

1. d4 Nf6 2. Nf3 d5 3. e3 g6 4. Nc3 Bg7 5. Bd3 O-O 6. a4 Nbd7 7. b3 c5 8. dxc5
Nxc5 9. O-O Nfe4 10. Nxe4 dxe4 11. Ne1 exd3 12. Bd2 Bxa1 13. Qxa1 dxc2 14. Bb4
Nxb3 15. Qa2 c1=Q 16. Qxb3 Be6 17. Nd3 Qxf1+ 18. Kxf1 Bxb3 19. Nb2 Rc8 20. g3
Rc2 21. e4 Rxb2 22. g4 Qd1+ 23. Kg2 Qxg4+ 24. Kf1 Bc4+ 25. Ke1 Qg1# 0-1

[Event "Invitation"]
[Site "http://www.queenalice.com/game.php?id=1115589"]
[Date "2012.10.24"]
[Round "-"]
[White "Oscar1961"]
[Black "cesarcavalli"]
[Result "0-1"]
[WhiteElo "1250"]
[BlackElo "2103"]

1. e4 e6 2. Bb5 a6 3. Bd3 Nc6 4. Qh5 g6 5. Qf3 Bg7 6. c3 Nge7 7. b4 Nxb4 8. cxb4
Bxa1 9. Nh3 Bg7 10. a3 O-O 11. a4 Nc6 12. b5 Ne5 13. Qe2 Nxd3+ 14. Qxd3 d5 15.
exd5 Qxd5 16. Qg3 axb5 17. Nf4 Qe5+ 18. Kf1 Rxa4 19. Nd3 Qe4 20. h4 b6 21. h5
Qg4 22. Qxg4 Rxg4 23. hxg6 fxg6 24. Rh3 Ra4 25. Ba3 c5 26. f3 b4 27. Bc1 Ra1 28.
Nc3 bxc3 29. dxc3 Ba6 30. f4 Bxd3+ 31. Rxd3 Rxc1+ 32. Ke2 Rxc3 33. Rd6 Rxf4 34.
Rxe6 Rb3 35. Re8+ Kf7 36. Rc8 Ra4 37. Rd8 Ra2+ 38. Rd2 Rxd2+ 39. Kxd2 c4 40. Kc2
Rd3 41. g4 h5 42. gxh5 gxh5 43. Kb1 h4 44. Ka2 h3 0-1

[Event "Creer que se puede"]
[Site "http://www.queenalice.com/game.php?id=1117865"]
[Date "2012.10.31"]
[Round "-"]
[White "cesarcavalli"]
[Black "Oscar1961"]
[Result "1-0"]
[WhiteElo "2104"]
[BlackElo "1251"]

1. d4 d5 2. Bg5 f6 3. Bh4 e6 4. Nf3 Nc6 5. h3 Nh6 6. e3 Nf5 7. Bd3 g5 8. Bxf5
exf5 9. Bg3 Qe7 10. c3 Bd7 11. Qe2 O-O-O 12. Nbd2 Rg8 13. Rg1 Bh6 14. Nb3 f4 15.
exf4 gxf4 16. Qxe7 Nxe7 17. Bh4 Rgf8 18. Nc5 Bf5 19. O-O-O Nc6 20. Rde1 b6 21.
Ne6 Bxe6 22. Rxe6 Na5 23. Rxf6 Rxf6 24. Bxf6 Nc4 25. Bxd8 Kxd8 26. Re1 Kc8 27.
Re8+ Kb7 28. Rh8 Bg7 29. Rxh7 Bf6 30. Rf7 Bh8 31. Rxf4 Bg7 32. g4 Nd6 33. Kd1 b5
34. g5 b4 35. Ne5 Ne8 36. Rf7 bxc3 37. bxc3 Kb6 38. f4 c5 39. f5 a5 40. f6 Kb5
41. fxg7 Ka4 42. g8=Q Ka3 43. Qxe8 a4 44. Qb8 Kxa2 45. Rf2+ Ka1 46. Qb2# 1-0

[Event "y van...."]
[Site "http://www.queenalice.com/game.php?id=1118564"]
[Date "2012.11.3"]
[Round "-"]
[White "Oscar1961"]
[Black "cesarcavalli"]
[Result "0-1"]
[WhiteElo "1288"]
[BlackElo "2105"]

1. Nf3 Nf6 2. d4 g6 3. Nc3 Bg7 4. e3 O-O 5. Bd3 e6 6. O-O d5 7. b4 Nbd7 8. a3 a5
9. bxa5 Rxa5 10. Bb5 c5 11. Bxd7 Bxd7 12. Bd2 c4 13. Rb1 Qc7 14. a4 Bxa4 15. Rb4
Bc6 16. Qb1 Rfa8 17. Re1 Ne4 18. h3 Nxd2 19. Nxd2 Ra1 20. Qb2 Rxe1+ 21. Nf1 Rea1
22. Ne2 Bf8 23. c3 Bxb4 24. cxb4 R8a2 25. Qc3 Rxe2 26. Qxa1 Bb5 27. g3 c3 28.
Qa5 Qxa5 29. bxa5 Re1 30. g4 c2 31. g5 c1=Q 32. a6 Rxf1+ 33. Kg2 Qe1 34. Kg3
Qxf2+ 35. Kg4 Be2# 0-1

[Event "Dale que se puede"]
[Site "http://www.queenalice.com/game.php?id=1125400"]
[Date "2012.11.24"]
[Round "-"]
[White "cesarcavalli"]
[Black "Oscar1961"]
[Result "1-0"]
[WhiteElo "2106"]
[BlackElo "1273"]

1. d4 d5 2. c4 c6 3. Nc3 dxc4 4. e4 Nf6 5. e5 Nd5 6. Bxc4 Nb6 7. Bb3 e6 8. Nge2
c5 9. Be3 Be7 10. dxc5 N6d7 11. Ba4 O-O 12. Bxd7 Bxd7 13. a3 Nc6 14. f4 a5 15.
O-O Rb8 16. Rc1 b5 17. cxb6 Rxb6 18. Bxb6 Qxb6+ 19. Kh1 Qb7 20. Qc2 Bd8 21. Ne4
Be7 22. Rfd1 f5 23. Nc5 Bxc5 24. Qxc5 h6 25. Rxd7 Qxb2 26. Qxc6 Qxe2 27. Qc7 Qb5
28. Rxg7+ Kh8 29. Rh7+ Kg8 30. Qg7# 1-0

[Event "Challenge"]
[Site "http://www.queenalice.com/game.php?id=1130775"]
[Date "2012.12.13"]
[Round "-"]
[White "cesarcavalli"]
[Black "Oscar1961"]
[Result "1-0"]
[WhiteElo "2107"]
[BlackElo "1282"]

1. d4 d5 2. c4 dxc4 3. Nf3 f6 4. Nc3 c6 5. e4 a5 6. Bxc4 e6 7. O-O Bb4 8. Qb3
Qd6 9. a3 Bxc3 10. bxc3 Ne7 11. a4 h5 12. e5 fxe5 13. Ba3 c5 14. Bxc5 Qc7 15.
Nxe5 Nbc6 16. Bb5 b6 17. Bxe7 Bd7 18. Nxc6 Bxc6 19. Qxe6 Rh6 20. Bf6+ Kf8 21.
Bc4 Rh8 22. Be5 Re8 23. Qxe8+ Kxe8 24. Bxc7 Kd7 25. Bxb6 Ra8 26. Rfe1 g5 27. Re5
Rb8 28. Bxa5 g4 29. Bb5 Kd6 30. Bb4+ Kc7 31. Re7+ Kd8 32. Bxc6 Rb6 33. Ba5 Kxe7
34. Bxb6 Kf6 35. a5 Kf5 36. a6 h4 37. Re1 h3 38. a7 Kf4 39. a8=Q g3 40. Qf8+ Kg4
41. Bd7+ Kg5 42. Bd8+ Kh5 43. Re5+ Kg6 44. Be8+ Kh7 45. Rh5# 1-0

[Event "Temporada 2013"]
[Site "http://www.queenalice.com/game.php?id=1136551"]
[Date "2013.1.3"]
[Round "-"]
[White "Oscar1961"]
[Black "cesarcavalli"]
[Result "0-1"]
[WhiteElo "1297"]
[BlackElo "2109"]

1. e4 e6 2. Bd3 Nc6 3. Nf3 g6 4. c3 Bg7 5. O-O Nge7 6. a3 O-O 7. Bb5 d5 8. exd5
exd5 9. Bxc6 Nxc6 10. d4 Bg4 11. Be3 Qf6 12. h3 Bxf3 13. gxf3 Qh4 14. Kh2 f5 15.
Rg1 h6 16. Qd3 a6 17. Rxg6 Ne7 18. Re6 Kf7 19. Rxe7+ Kxe7 20. f4 h5 21. c4 Rad8
22. Nc3 c6 23. cxd5 cxd5 24. b4 Qf6 25. Rg1 Rf7 26. Rg5 Bh6 27. Rxf5 Qxf5 28.
Qxf5 Rxf5 29. Ne2 h4 30. a4 Rdf8 31. f3 Bxf4+ 32. Bxf4 Rxf4 33. Nxf4 Rxf4 34.
Kg2 Rxd4 35. Kf2 Kf6 36. Ke3 Rxb4 37. a5 Kf5 38. f4 Rxf4 39. Kd3 Re4 40. Kd2 Kf4
41. Kd3 Kg3 42. Kd2 Kxh3 43. Kc3 Kg3 44. Kd3 h3 45. Kd2 h2 46. Kc1 Re2 47. Kb1
h1=R# 0-1

[Event "Voy por todo"]
[Site "http://www.queenalice.com/game.php?id=1177072"]
[Date "2013.5.1"]
[Round "-"]
[White "cesarcavalli"]
[Black "Oscar1961"]
[Result "1-0"]
[WhiteElo "2110"]
[BlackElo "1330"]

1. d4 d5 2. c4 dxc4 3. Nf3 f6 4. Nc3 c6 5. e4 b5 6. a4 Qa5 7. Bd2 Bg4 8. Nxb5
Qb6 9. Nc3 Bxf3 10. Qxf3 Qxb2 11. Rb1 Qa3 12. Bxc4 Nh6 13. O-O Qd6 14. Rfd1 Qxd4
15. Ba2 g5 16. Qh5+ Kd8 17. Be3 Qd7 18. Be6 Kc7 19. Bxd7 a5 20. Qe8 Bg7 21. Bb6+
Kb7 22. Bc8# 1-0

[Event "Temporada 2014"]
[Site "http://www.queenalice.com/game.php?id=1324874"]
[Date "2014.11.28"]
[Round "-"]
[White "cesarcavalli"]
[Black "Oscar1961"]
[Result "1-0"]
[WhiteElo "2112"]
[BlackElo "1251"]

1. d4 d5 2. c4 Bf5 3. Nc3 c6 4. Nf3 dxc4 5. e4 Bg4 6. Bxc4 e6 7. Be3 h6 8. O-O
b5 9. Bb3 b4 10. Na4 Bxf3 11. Qxf3 Nf6 12. Rac1 Qc7 13. Rfd1 e5 14. dxe5 Qxe5
15. Bf4 Qa5 16. Bxb8 Rxb8 17. e5 Nd5 18. Rxc6 Ne7 19. Qxf7# 1-0

[Event "Challenge"]
[Site "http://www.queenalice.com/game.php?id=1326378"]
[Date "2014.12.6"]
[Round "-"]
[White "Oscar1961"]
[Black "cesarcavalli"]
[Result "0-1"]
[WhiteElo "1249"]
[BlackElo "2113"]

1. e4 e6 2. f3 d5 3. g4 Qh4+ 4. Ke2 dxe4 5. d4 exf3+ 6. Nxf3 Qxg4 7. Rg1 Qe4+ 8.
Kf2 Nf6 9. h3 h6 10. Bd3 Qd5 11. Nc3 Qd8 12. Re1 Be7 13. a3 b6 14. Ne5 Ba6 15.
Be4 Nxe4+ 16. Nxe4 Bh4+ 17. Ng3 Qf6+ 18. Nf3 Bb7 19. Re3 O-O 20. c4 Qf4 21. Qg1
Bxf3 22. Rxf3 Qxd4+ 23. Be3 Qxb2+ 24. Kf1 Qxa1+ 25. Kf2 Qxg1+ 26. Kxg1 Bxg3 0-1